000 00695nam a22002177a 4500
999 _c5005
_d5005
003 AR-CdUCM
008 190311b ||||| |||| 00| 0 spa d
040 _aMUNICIPALIDAD PROVINCIAL DEL CUSCO
_cBIBLIOTECA MUNICIPAL DEL CUSCO
082 _a869.56 /
_bC77
100 _aCorcuera, Marco António
_915311
245 _aSendero junto al trino /
260 _aLima :
_bEdiciones Cuaderno Trimestrales de Poesía,
_c1979.
300 _c21 cm.
500 _aDonación familia Nieto.
505 _aContenido :Sendero junto al trino.
650 _aPoesías peruanas
_91481
650 _aLiteratura peruana
_9169
650 _aLiteratura del siglo xx
_97647
942 _2ddc
_cLIBROS
945 _arum